[Event "8th Parsvnath Open"]
[Site "New Delhi IND"]
[Date "2010.01.17"]
[Round "6"]
[White "Divyasri,C"]
[Black "Sarkar,J"]
[Result "1/2-1/2"]
[WhiteElo "2083"]
[BlackElo "2378"]

1.e4 e6 2.d4 d5 3.Nd2 Be7 4.c3 c5 5.dxc5 Nf6 6.exd5 Qxd5 7.b4 b6 8.cxb6 axb6
9.Ngf3 O-O 10.Bc4 Qh5 11.O-O Bb7 12.Qe2 Nbd7 13.Re1 Nd5 14.Ne4 Ne5 15.Nxe5 Qxe5
16.Bd2 Rfc8 17.Bb3 Qc7 18.Rad1 b5 19.Qd3 Qc6 20.Qg3 Qc7 21.Qh3 Nb6 22.Qh5 Bd5
23.Re3 Nc4 24.Bxc4 Qxc4 25.Ng5 Bxg5 26.Qxg5 f6 27.Qh5 Rxa2 28.Rg3 Rca8 29.Bh6 R8a7
30.h3 e5 31.Kh2 Rd7 32.Qf5 Qc6 33.Rdd3 Rd8 34.Qh5 Kh8 35.Bd2  1/2-1/2

[Event "4th SOP-SMAOK Open"]
[Site "Athens GRE"]
[Date "2010.01.19"]
[Round "2"]
[White "Sigouros,I"]
[Black "Delithanasis,D"]
[Result "1/2-1/2"]
[WhiteElo "2001"]
[BlackElo "2201"]

1.e4 e6 2.d4 d5 3.Nd2 Be7 4.Ngf3 Nf6 5.Bd3 c5 6.dxc5 a5 7.O-O O-O 8.Re1 Na6
9.exd5 Nxd5 10.Ne4 Nxc5 11.Nxc5 Bxc5 12.Ne5 Nb4 13.Be4 f5 14.Bf3 Qxd1 15.Bxd1 Ra6
16.c3 Nd5 17.c4 Bb4 18.Rf1 Bd6 19.Re1 Bb4 20.Rf1 Nf6 21.Be3 Nd7 22.Nxd7 Bxd7
23.Bf3 Bc6 24.Bxc6 Rxc6 25.b3 a4 26.Rfd1 Ra8 27.Bd4 axb3 28.axb3 Rxa1 29.Rxa1 Rd6
30.Be5 Rd3 31.g3 Rxb3 32.Rd1 Bc3 33.Bxc3 Rxc3 34.Rb1 Rxc4 35.Rxb7 h6 36.h4 Kh7
37.h5 f4 38.Kg2 Rc5 39.g4 e5 40.Re7 Kg8 41.Kf3 Kf8 42.Ra7 Rc4 43.Ra5 e4+
44.Kxf4 e3+ 45.Kxe3 Rxg4 46.f4 g6 47.hxg6 Rxg6 48.Ra7 Rg7 49.Rxg7  1/2-1/2

[Event "8th Parsvnath Open"]
[Site "New Delhi IND"]
[Date "2010.01.21"]
[Round "10"]
[White "Shiven,K"]
[Black "Murshed,N"]
[Result "1/2-1/2"]
[WhiteElo "2291"]
[BlackElo "2419"]

1.e4 e6 2.d4 d5 3.Nd2 Nc6 4.Ngf3 Nf6 5.e5 Nd7 6.Be2 f6 7.exf6 Qxf6 8.Nf1 Bd6
9.Ne3 b6 10.O-O Bb7 11.Ng4 Qf5 12.h3 O-O-O 13.Bd3 Qh5 14.Re1 e5 15.dxe5 Ncxe5
16.Nfxe5 Nxe5 17.Nxe5 Qxd1 18.Rxd1 Bxe5 19.Rb1 c5 20.Re1 Bf6 21.Bf4 Bc6 22.Ba6+ Kd7
23.Be2 Rde8 24.Bg4+ Kd8 25.Bf3 Rxe1+ 26.Rxe1 Re8 27.Rxe8+ Bxe8 28.b3 Bf7
29.Kf1 Kd7 30.Ke2 a6 31.g4 h6 32.a4 b5 33.axb5 axb5 34.Kd2 Ke6 35.c3 Be5
36.Bxe5 Kxe5 37.b4 cxb4 38.cxb4 d4 39.Bc6 Bc4 40.h4 g6 41.f3 Kf4 42.Be4 g5
43.hxg5 hxg5 44.Bc6 Kg3 45.Ke1 Kf4 46.Kd2 Ke5 47.Be8 Kd6 48.Bg6 Ba2 49.Be8 Bc4
50.Bg6 Ke6 51.Bf5+ Ke5 52.Be4 Kf4  1/2-1/2

[Event "2nd Chennai Open"]
[Site "Chennai IND"]
[Date "2010.01.30"]
[Round "7"]
[White "Ramesh,R"]
[Black "Girinath,P"]
[Result "1-0"]
[WhiteElo "2482"]
[BlackElo "2370"]

1.e4 e6 2.d4 d5 3.Nd2 Nc6 4.Ngf3 Nf6 5.e5 Nd7 6.Bd3 f6 7.Ng5 Ndxe5 8.dxe5 fxg5
9.Qh5+ g6 10.Bxg6+ Kd7 11.Bd3 Nxe5 12.h4 Qe8 13.Qe2 Nxd3+ 14.cxd3 e5 15.b3 g4
16.Bb2 h5 17.Bxe5 Rh6 18.d4 Bd6 19.f4 Kd8 20.Nf1 g3 21.Nxg3 Qg6 22.Qe3 Bf5
23.O-O Kd7 24.Bxd6 cxd6 25.Rfe1 Rh7 26.Nxf5 Qxf5 27.Rac1 Rg8 28.Re2 Rhg7
29.Qc3 Kd8 30.Rcc2 Rf8 31.Qa5+ b6 32.Qc3 Qd7 33.Qf3 Rf5 34.g3 Rg4 35.Kf2 Qg7
36.Qe3 Qd7 37.Qe6 Rg7 38.Qh6 Re7 39.Qh8+ Qe8 40.Qxe8+ Kxe8 41.Rxe7+ Kxe7
42.Rc7+ Ke6 43.Rxa7 Rf8 44.Rh7 Kf5 45.Kf3 Rc8 46.Rxh5+ Ke6 47.Rh6+ Ke7 48.Rh7+ Ke6
49.Rb7 Rc3+ 50.Kg4 Rd3 51.h5 Rxd4 52.Kg5 Rd3 53.f5+ Ke5 54.Re7+ Kd4  1-0

[Event "70th ch-ARM"]
[Site "Yerevan ARM"]
[Date "2010.01.31"]
[Round "9"]
[White "Kalashian,D"]
[Black "Minasian,Art"]
[Result "0-1"]
[WhiteElo "2451"]
[BlackElo "2561"]

1.e4 e6 2.d4 d5 3.Nd2 Nc6 4.Ngf3 Nf6 5.e5 Nd7 6.Be2 f6 7.exf6 Qxf6 8.Nf1 Bd6
9.Ne3 O-O 10.O-O Qg6 11.c4 Nf6 12.c5 Be7 13.Bb5 Bd7 14.a4 a5 15.b3 Nb4 16.Ne5 Qe8
17.Bd3 b6 18.cxb6 cxb6 19.Ba3 Rc8 20.Bxb4 Bxb4 21.Rc1 Qe7 22.Rxc8 Rxc8 23.N3g4 Be8
24.Qf3 Rc3 25.Qh3 Ne4 26.f3 h5 27.Ne3 Ng5 28.Qg3 Bd6 29.Rd1 h4 30.Qe1 Rxb3
31.N3g4 h3 32.Qg3 Bxa4 33.f4 Rb2 34.Rc1 Rxg2+ 35.Qxg2 hxg2 36.Rc8+ Qe8 37.Rxe8+ Bxe8
38.fxg5 a4 39.Ne3 b5 40.Be2 b4 41.Bg4 Bxe5 42.dxe5 b3 43.Bxe6+ Bf7 44.Bd7 a3  0-1

[Event "8th Gibtelecom Masters"]
[Site "Caleta ENG"]
[Date "2010.02.01"]
[Round "7"]
[White "Carlsson,P"]
[Black "Avalos Parra,J"]
[Result "1-0"]
[WhiteElo "2476"]
[BlackElo "2245"]

1.e4 e6 2.d4 d5 3.Nd2 Nc6 4.Ngf3 Nf6 5.e5 Nd7 6.Bb5 a6 7.Ba4 b5 8.Bb3 Na5
9.c3 Nxb3 10.Nxb3 c5 11.dxc5 Nxc5 12.O-O Qc7 13.Nxc5 Bxc5 14.Re1 h6 15.Be3 Be7
16.a4 b4 17.cxb4 Bxb4 18.Bd2 Rb8 19.Nd4 Bd7 20.Nb5 Bxb5 21.Bxb4 Bd7 22.Bd6 Qb7
23.Qg4 g6 24.Qf4 f5 25.Qh4 g5 26.Qh5+ Kd8 27.Qf7 Re8 28.Rec1  1-0

[Event "8th Gibtelecom Masters"]
[Site "Caleta ENG"]
[Date "2010.02.03"]
[Round "9"]
[White "Adams,Mi"]
[Black "Lemos,D"]
[Result "1-0"]
[WhiteElo "2694"]
[BlackElo "2556"]

1.e4 e6 2.d4 d5 3.Nd2 Be7 4.Ngf3 Nf6 5.e5 Nfd7 6.Bd3 c5 7.c3 b6 8.O-O Ba6
9.Ne1 Bxd3 10.Nxd3 Nc6 11.Qg4 g6 12.Nf3 h5 13.Qg3 c4 14.Nde1 h4 15.Qg4 Rh5
16.h3 b5 17.Nc2 Nb6 18.Qf4 Rf5 19.Qe3 Rh5 20.Qf4 Rf5 21.Qe3 Rh5 22.b3 a6
23.Bd2 Kd7 24.Qe2 Na5 25.Rfb1 Kc7 26.Ne3 Qd7 27.Bc1 Qc6 28.Ng4 Nd7 29.Bf4 Kd8
30.Qe3 Ke8 31.b4 Nb7 32.a4 Nd8 33.Bg5 Nb6 34.axb5 axb5 35.Bxe7 Kxe7 36.Nf6 Rh8
37.Qg5 Kf8 38.Nxh4 Rxa1 39.Rxa1 Na4 40.Ra3 Qc7 41.Nf3 Nc6 42.h4 Ne7 43.h5 gxh5
44.Nxh5 Nf5 45.Nf6 Ng7 46.g3 Qe7 47.Kg2  1-0

[Event "2nd Chennai Open"]
[Site "Chennai IND"]
[Date "2010.02.03"]
[Round "11"]
[White "Kotsur,P"]
[Black "Kamble,V"]
[Result "1/2-1/2"]
[WhiteElo "2568"]
[BlackElo "2364"]

1.e4 e6 2.d4 d5 3.Nd2 Nc6 4.Ngf3 Nf6 5.e5 Nd7 6.c3 f6 7.Bb5 a6 8.Bxc6 bxc6
9.O-O c5 10.Qa4 a5 11.exf6 gxf6 12.Re1 Ra6 13.Nf1 Bg7 14.c4 O-O 15.cxd5 exd5
16.Ne3 cxd4 17.Nxd4 c5 18.Nc6 Qe8 19.Bd2 Ne5 20.Nxd5 Kh8 21.Bxa5 Bb7 22.Nde7 Bxc6
23.Nxc6 Qxc6 24.Qxc6 Nxc6 25.Bc3 Nd4 26.Re7 Re6 27.Rxe6 Nxe6 28.Kf1 Nc7 29.Rc1 Ra8
30.a3 Nd5 31.Bd2 Rc8 32.Ke2 c4 33.Bc3 f5 34.Bxg7+ Kxg7 35.b3 c3 36.Kd3 Nf4+
37.Kc2 Kf6 38.g3 Nh3 39.f3 Ng5 40.Rf1 Ne6 41.Kd3 Ke5 42.Rc1 Nc5+ 43.Kc4 Ne6+
44.Kd3 Nc5+ 45.Kc4 Ne4+ 46.Kd3 Rd8+ 47.Kc4 Nd2+ 48.Kxc3 Nxf3 49.Ra1 Rc8+
50.Kd3 Nxh2 51.a4 Ng4 52.a5 Nf2+ 53.Ke3 Ne4 54.a6 Rc3+ 55.Ke2 Nxg3+ 56.Ke1 Rc8
57.b4 Ne4 58.b5 Nc5 59.a7 Ra8 60.b6 Kd6 61.Rc1 Nd7 62.Rd1+ Kc6 63.Rxd7 Kxb6
64.Rxh7 Rxa7 65.Rxa7 Kxa7 66.Ke2 Kb6 67.Ke1  1/2-1/2

[Event "Georgi Tringov Mem"]
[Site "Plovdiv BUL"]
[Date "2010.02.03"]
[Round "5"]
[White "Janev,E"]
[Black "Rusev,K"]
[Result "0-1"]
[WhiteElo "2461"]
[BlackElo "2547"]

1.e4 e6 2.d4 d5 3.Nd2 Be7 4.Bd3 c5 5.dxc5 Nf6 6.exd5 Qxd5 7.Ngf3 Qxc5 8.O-O Nbd7
9.Qe2 Qc7 10.Rd1 b6 11.Ne4 O-O 12.Bg5 Bb7 13.Bh4 Ne5 14.Bg3 Nxf3+ 15.Qxf3 Qc8
16.Bh4 Nxe4 17.Bxe7 Re8 18.Bxe4 Rxe7 19.Rd3 Bxe4 20.Qxe4 Qe8 21.Rad1 Rc8
22.c3 h6 23.h3 Rec7 24.Rg3 Rd7 25.Rd4 Rcd8 26.Qe5 g6 27.Rh4 Qf8 28.Qe3 Kh7
29.Rf3 Qg7 30.Kh2 e5 31.Rc4 f5 32.Rc6 Rd6 33.Rxd6 Rxd6 34.g4 e4 35.Rg3 Qe5
36.gxf5 gxf5 37.f4 Qd5 38.Qg1 Rd7 39.Rg2 Qxa2 40.Qf2 Qe6 41.Qg3 Qf7 42.Qe1 Qf6
43.c4 a5 44.b4 axb4 45.Qxb4 Qd6 46.Qxd6 Rxd6 47.Rb2 Kg6 48.Kg3 Rd3+ 49.Kh4 Rd6
50.Rb5 Re6 51.Rb2 e3 52.Re2 Re4 53.Kg3 Kh5 54.h4 Rxc4 55.Rxe3 Rb4 56.Re6 Rb3+
57.Kf2 Kxh4 58.Rxh6+ Kg4 59.Rc6 Kxf4 60.Rc4+ Kg5 61.Rd4 b5 62.Ke2 b4 63.Kd2 f4
64.Kc2 Re3 65.Rxb4 Kg4 66.Kd1 Kg3 67.Kd2 Re8 68.Rb7 Kf2 69.Kd3 f3 70.Rb6 Kf1
71.Kd2 f2 72.Rg6 Rd8+ 73.Kc2 Rd5 74.Rg8 Ke2 75.Re8+ Kf3 76.Rf8+ Ke3 77.Kc3 Rc5+
78.Kb2 Rc4  0-1

[Event "Georgi Tringov Mem"]
[Site "Plovdiv BUL"]
[Date "2010.02.04"]
[Round "7"]
[White "Stanojoski,Z"]
[Black "Badev,K"]
[Result "1/2-1/2"]
[WhiteElo "2499"]
[BlackElo "2369"]

1.e4 e6 2.d4 d5 3.Nd2 Nc6 4.Ngf3 Nf6 5.e5 Nd7 6.b3 Be7 7.Bb2 O-O 8.a3 f6
9.Bd3 fxe5 10.dxe5 Nc5 11.O-O Nxd3 12.cxd3 Bd7 13.b4 a5 14.b5 Na7 15.a4 c6
16.bxc6 Nxc6 17.Qb3 Bb4 18.Rfc1 Rf4 19.Nf1 Qe8 20.d4 Qg6 21.Rd1 Raf8 22.Ng3 h5
23.Qd3 Re4 24.Qb1 Rg4 25.h3 Rxg3 26.fxg3 Qxg3 27.Rf1 Be8 28.Qc1 Bg6 29.Nh2 Be4
30.Rxf8+ Bxf8 31.Qd2 Be7 32.Qf2 Qb3 33.Nf1 Nb4 34.Ra3 Qd1 35.Qd2 Qb1 36.Ra1 Qc2
37.Bc3 Qb3 38.Qb2 Qc4 39.Nd2 Qd3 40.Nxe4 dxe4 41.Qd2 Qg3 42.Qe1 Qg6 43.Bxb4 axb4
44.Rb1 e3 45.Rb3 Bg5 46.Rxb4 Qd3 47.h4 Bxh4 48.Qxh4 Qd1+ 49.Kh2 e2 50.Rxb7 e1=Q
51.Qd8+ Kh7 52.Rxg7+ Kxg7 53.Qe7+  1/2-1/2

[Event "TCh-Eur Seniors"]
[Site "Dresden GER"]
[Date "2010.02.10"]
[Round "1"]
[White "Andreas,G"]
[Black "Roth,Pe"]
[Result "0-1"]
[WhiteElo "1990"]
[BlackElo "2263"]

1.e4 e6 2.d4 d5 3.Nd2 Nc6 4.c3 e5 5.exd5 Qxd5 6.dxe5 Nxe5 7.Ngf3 Nd3+ 8.Bxd3 Qxd3
9.Qe2+ Qxe2+ 10.Kxe2 Bd7 11.Re1 O-O-O 12.Kf1 Nf6 13.a4 Re8 14.Ne5 Be6 15.Ndf3 Bd6
16.Kg1 Nd7 17.Nxd7 Bxd7 18.Rxe8+ Rxe8 19.Be3 a6 20.a5 f6 21.Re1 Kd8 22.Bd2 Rxe1+
23.Bxe1 b5 24.axb6 cxb6 25.g3 a5 26.h4 Kc7 27.Nd4 b5 28.Kf1 a4 29.Ke2 Kb6
30.Nc2 Kc5 31.Ne3 g5 32.hxg5 fxg5 33.f3 h5 34.Bf2 Kc6 35.Kd3 Be7 36.f4 gxf4
37.gxf4 h4 38.Ke4 h3 39.Nf1 Bc5 40.Bd4 Be6 41.Nh2 Bd5+ 42.Ke3 Bg2 43.f5 Bd6
44.Ng4 h2 45.Nxh2 Bxh2 46.Kd2 Bf4+ 47.Kd3 Kd5 48.f6 Be4+ 49.Ke2 Bg6  0-1

[Event "TCh-Eur Seniors"]
[Site "Dresden GER"]
[Date "2010.02.11"]
[Round "2"]
[White "Jansa,Vl"]
[Black "Stimpel,F"]
[Result "1-0"]
[WhiteElo "2495"]
[BlackElo "2264"]

1.e4 e6 2.d4 d5 3.Nd2 Be7 4.Bd3 c5 5.dxc5 Nf6 6.Qe2 O-O 7.Ngf3 a5 8.O-O Na6
9.e5 Nd7 10.c4 Ndxc5 11.Bb1 b6 12.b3 Bb7 13.Bb2 a4 14.Bc3 axb3 15.axb3 Nc7
16.Bc2 Qd7 17.Rad1 b5 18.b4 Na4 19.Ba1 bxc4 20.Ne4 Ne8 21.Nfg5 Bxg5 22.Nxg5 g6
23.Rd4 Qe7 24.Rg4 Ng7 25.Qe3 h6 26.Nh3 Kh7 27.Nf4 Nf5 28.Qh3 Rg8 29.Bxf5 gxf5
30.Rh4 Qf8 31.Bd4 Rg4 32.Nh5 Rg6 33.f3 Qxb4 34.Nf6+ Kg7 35.Be3 Rh8 36.Nh5+ Kg8
37.Nf6+ Kg7 38.Ne8+ Kf8 39.Nf6 Kg7 40.Nh5+ Kg8 41.Nf4 Qc3 42.Bf2 Rg7 43.Re1 Qd2
44.Nh5 Rg6 45.Rd4 Qb4 46.Kh1 Qb2 47.Qh4 Rg5 48.g4 Nc5 49.Be3 Nd3 50.Rxd3 cxd3
51.Bxg5 d4 52.Kg1 Bxf3 53.Qf2 Qxf2+ 54.Kxf2 fxg4 55.Bd2 Kh7 56.h3 Rc8 57.hxg4 Be2
58.Rc1 Rxc1 59.Bxc1 Bxg4 60.Nf6+ Kg6 61.Nxg4 Kf5 62.Nxh6+ Kxe5 63.Nxf7+ Kd5
64.Bf4 Kc4 65.Ke1 Kc3 66.Bd2+ Kc4 67.Bh6 Kd5 68.Bg7 Ke4 69.Kd2 Kf5 70.Bxd4 e5
71.Bb2 e4 72.Ke3 d2 73.Kxd2 Kf4 74.Bd4 Kf3 75.Be3 Kg3 76.Ng5 Kg4 77.Nxe4 Kf5
78.Nf2 Ke5 79.Kd3 Kd5 80.Bd4 Ke6 81.Ke4 Kd6 82.Nd3 Kc6 83.Ke5 Kd7 84.Kd5 Ke7
85.Nc5 Kf7 86.Ke5 Kg6 87.Ne6 Kf7 88.Bc5 Kg6 89.Be7 Kf7 90.Bh4 Kg6 91.Nf4+ Kf7
92.Kf5 Kg7 93.Ke6 Kf8 94.Bf6 Ke8 95.Nh5 Kf8 96.Be7+ Kg8 97.Kf6 Kh7 98.Kg5 Kh8
99.Kh6 Kg8  1-0

[Event "TCh-Eur Seniors"]
[Site "Dresden GER"]
[Date "2010.02.12"]
[Round "3"]
[White "Wademark,H"]
[Black "Westerman,H"]
[Result "0-1"]
[WhiteElo "2083"]
[BlackElo "1909"]

1.e4 e6 2.d4 d5 3.Nd2 Nc6 4.c3 e5 5.exd5 Qxd5 6.dxe5 Nxe5 7.Qe2 Be7 8.Ngf3 Nxf3+
9.Nxf3 Bg4 10.Qb5+ Qxb5 11.Bxb5+ c6 12.Be2 Nf6 13.Be3 O-O 14.h3 Bh5 15.O-O Nd5
16.Bd4 Nf4 17.Bd1 Rfe8 18.c4 c5 19.Be3 Bd6 20.Nh4 Be2 21.Nf5 Bc7 22.Bxf4 Bxf4
23.Bxe2 Rxe2 24.Rab1 g6 25.Ng3 Bxg3 26.fxg3 Rd8 27.Rf2 Rdd2 28.Rxe2 Rxe2
29.a3 Rc2 30.b3 Rc3 31.g4 Kg7 32.Kf2 Kf6 33.Rb2 b6 34.Ke2 Ke5 35.Kf2 Kf4
36.b4 Rxc4 37.bxc5 Rxc5 38.g3+ Ke5 39.a4 f5 40.gxf5 Kxf5 41.Rb4 Rc2+ 42.Kf3 Rc3+
43.Kf2 Ra3 44.h4 h5 45.Rb5+ Kf6 46.Rb4 Ke6 47.g4 hxg4 48.Rxg4 Kf6 49.Ke2 a5
50.Kd2 Rh3 51.Ke2 Kg7 52.Kf2 Kh6 53.Kg2 Rb3 54.Rf4 Rb4 55.Kg3 Rxf4 56.Kxf4 Kh5
57.Kg3 g5 58.hxg5 Kxg5  0-1

[Event "TCh-Eur Seniors"]
[Site "Dresden GER"]
[Date "2010.02.12"]
[Round "3"]
[White "Denda,R"]
[Black "Biller,H"]
[Result "1/2-1/2"]
[WhiteElo "2043"]
[BlackElo "2158"]

1.e4 e6 2.d4 d5 3.Nd2 Nc6 4.c3 Nf6 5.e5 Nd7 6.f4 f5 7.Ngf3 Be7 8.h4 h6 9.Nb3 O-O
10.Be3 a5 11.Bb5 a4 12.Nc5 Nxc5 13.dxc5 a3 14.b4 Bd7 15.Be2 Na7 16.Qb3 Bb5
17.Qxa3 Bxe2 18.Kxe2 b6 19.cxb6 cxb6 20.Qa6 Qd7 21.Qxb6 Nb5 22.Bd2 d4 23.Nxd4 Nxd4+
24.Qxd4 Qc6 25.Kf2 Rfd8 26.Qe3 Qc4 27.g3 Rd3 28.Qe2 Rad8 29.Rhd1 Qd5 30.c4 Qd7
31.Ke1 Qb7 32.Kf2 Qd7 33.Ke1 Qb7 34.Kf2  1/2-1/2

[Event "TCh-Eur Seniors"]
[Site "Dresden GER"]
[Date "2010.02.13"]
[Round "4"]
[White "Mostertman,L"]
[Black "Stimpel,F"]
[Result "1-0"]
[WhiteElo "2077"]
[BlackElo "2264"]

1.e4 e6 2.d4 d5 3.Nd2 Be7 4.Ngf3 Nf6 5.e5 Nfd7 6.c3 c5 7.Bd3 Nc6 8.h4 h6
9.Qe2 a5 10.Nf1 cxd4 11.cxd4 Bb4+ 12.Bd2 Qb6 13.Qe3 a4 14.a3 Ba5 15.Bc3 Qxb2
16.Rc1 Bxc3+ 17.Rxc3 Qxc3+ 18.Ke2 b6 19.Ng3 Ba6 20.Rd1 O-O 21.Nh5 Rfc8 22.Qf4 Qc2+
23.Rd2 Bxd3+ 24.Ke3 Qb1 25.Rxd3 Ne7 26.g4 Ng6 27.Qg3 Rc2  1-0

[Event "TCh-Eur Seniors"]
[Site "Dresden GER"]
[Date "2010.02.13"]
[Round "4"]
[White "Flockhart,H"]
[Black "Micheel,P"]
[Result "1/2-1/2"]
[WhiteElo "1871"]
[BlackElo "1943"]

1.e4 e6 2.d4 d5 3.Nd2 Nc6 4.c3 e5 5.exd5 Qxd5 6.dxe5 Nxe5 7.Qe2 Be6 8.Qb5+ Qxb5
9.Bxb5+ c6 10.Be2 O-O-O 11.Ngf3 Nd3+ 12.Bxd3 Rxd3 13.O-O h6 14.Nb3 c5 15.Be3  1/2-1/2

[Event "TCh-FIN 2009-10"]
[Site "Finland FIN"]
[Date "2010.02.13"]
[Round "6"]
[White "Kosmo,S"]
[Black "Niemela,A"]
[Result "1-0"]
[WhiteElo "2204"]
[BlackElo "2290"]

1.e4 e6 2.d4 d5 3.Nd2 Be7 4.Ngf3 Nf6 5.e5 Nfd7 6.Bd3 c5 7.c3 b6 8.O-O Ba6
9.Bxa6 Nxa6 10.Ne1 O-O 11.f4 f6 12.Ndf3 fxe5 13.fxe5 Nc7 14.Nd3 cxd4 15.cxd4 Rf7
16.Bd2 Nf8 17.Nb4 Qd7 18.Rc1 Bxb4 19.Bxb4 a5 20.Bxf8 Raxf8 21.Qc2 Qb5 22.Rf2 h6
23.Qc6 g5 24.h3 h5 25.Qc2 Rg7 26.Nxg5 Rxg5 27.Qxc7 Rgf5 28.Rxf5 exf5 29.Rc6  1-0

[Event "Noteboom Mem"]
[Site "Leiden NED"]
[Date "2010.02.13"]
[Round "3"]
[White "Alienkin,A"]
[Black "Hammes,M"]
[Result "0-1"]
[WhiteElo "2398"]
[BlackElo "2375"]

1.e4 e6 2.d4 d5 3.Nd2 a6 4.Bd3 c5 5.dxc5 Bxc5 6.Ngf3 Nc6 7.O-O Nge7 8.exd5 exd5
9.Nb3 Bb6 10.Re1 O-O 11.Be3 Bxe3 12.Rxe3 Ng6 13.Bxg6 hxg6 14.Ne5 Qd6 15.Qe2 a5
16.Rd1 Bf5 17.Nd4 Rae8 18.Nxf5 gxf5 19.Nc4 Rxe3 20.Nxe3 Qe5 21.Qb5 f4 22.Nxd5 Rd8
23.c4 Qe2 24.Rf1 f3 25.Nc3 Qe6 26.gxf3 Qh3 27.Rd1 Nd4 28.Rxd4 Rxd4 29.Qxb7 Rxc4
30.Qb8+ Rc8 31.Qb7 Re8  0-1

[Event "9th Aeroflot Open A"]
[Site "Moscow RUS"]
[Date "2010.02.14"]
[Round "6"]
[White "Sjugirov,S"]
[Black "Korobov,A"]
[Result "0-1"]
[WhiteElo "2610"]
[BlackElo "2648"]

1.e4 e6 2.d4 d5 3.Nd2 Nc6 4.Ngf3 Nf6 5.e5 Nd7 6.Nb3 Be7 7.Bb5 a5 8.a4 Na7
9.Be2 b6 10.O-O c5 11.c3 Nc6 12.Be3 O-O 13.Re1 Ba6 14.Bxa6 Rxa6 15.Nc1 Ra8
16.Ne2 Qc8 17.Nf4 Qa6 18.Rc1 Rfc8 19.Nd2 cxd4 20.cxd4 Nb4 21.Rc3 Rxc3 22.bxc3 Nd3
23.Nxd3 Qxd3 24.Qb3 Rc8 25.Rc1 b5 26.Qxb5 Qxb5 27.axb5 Nb6 28.Kf1 a4 29.Ke2 a3
30.Kd3 Na4 31.Nb3 Rb8 32.Nc5 Nb2+ 33.Kc2 Rxb5 34.Ra1 Nc4 35.Nb3 h5 36.Bc1 Kh7
37.Ra2 Rb8 38.Nd2 Ra8 39.Ra1 Kg6 40.Kd3 Ra4 41.Kc2 Ra7 42.Kd3 Nxd2 43.Bxd2 f6
44.exf6 gxf6 45.c4 dxc4+ 46.Kxc4 Kf5 47.Bc1 Bd6 48.h3 Rc7+ 49.Kb3 Rg7 50.g3 Rb7+
51.Kc2 Ra7 52.Kd3 a2 53.Bb2 e5 54.f3 exd4 55.g4+ Kf4 56.gxh5 Be5 57.h6 Kxf3
58.Rf1+ Kg2 59.Ra1 Kf3 60.h4 Kg4 61.Rg1+ Kh5 62.Rg7 Ra3+ 63.Bxa3 a1=Q 64.Bf8 Qc3+  0-1

[Event "TCh-SUI NatLigaA"]
[Site "Switzerland SUI"]
[Date "2010.02.14"]
[Round "1"]
[White "Sokolov,And1"]
[Black "Kaufmann,W"]
[Result "1-0"]
[WhiteElo "2569"]
[BlackElo "2242"]

1.e4 e6 2.d4 d5 3.Nd2 a6 4.Ngf3 Nf6 5.e5 Nfd7 6.Bd3 c5 7.c3 Nc6 8.O-O g5
9.dxc5 Bxc5 10.Nb3 Be7 11.Nfd4 Ndxe5 12.f4 Nxd3 13.Qxd3 gxf4 14.Bxf4 Bd6
15.Qg3 Bxf4 16.Rxf4 Qe7 17.Re1 Nxd4 18.Nxd4 Bd7 19.Nf5 Qc5+ 20.Rf2 Rf8 21.Qh4 f6
22.Ng7+ Ke7 23.Qxh7 Kd6 24.Qg6 e5 25.Rxe5 Kc7 26.Re1 Rg8 27.Qf7  1-0

[Event "Open"]
[Site "Novy Bor CZE"]
[Date "2010.02.16"]
[Round "5"]
[White "Vrana,J"]
[Black "Szablowski,P"]
[Result "0-1"]
[WhiteElo "2298"]
[BlackElo "2230"]

1.e4 e6 2.d4 d5 3.Nd2 Nc6 4.Ngf3 Nf6 5.e5 Nd7 6.c4 Be7 7.cxd5 exd5 8.Bb5 f6
9.Qa4 Ndb8 10.O-O O-O 11.Re1 fxe5 12.dxe5 Qe8 13.Nf1 a6 14.Be2 Nd7 15.Qd1 Nb6
16.Be3 Bb4 17.Bxb6 cxb6 18.Qxd5+ Be6 19.Qe4 Bxe1 20.Rxe1 Qe7 21.a3 Bf5 22.Qc4+ Kh8
23.Bd3 Rae8 24.Bxf5 Rxf5 25.Qe4 Nxe5 26.Kh1 Qf8 27.Nxe5 Rfxe5 28.Qxe5 Rxe5
29.Rxe5 h6 30.Kg1 Qd6 31.Re2 b5 32.g3 b4 33.axb4 Qxb4 34.f3 a5 35.Ne3 b5
36.Kf2 a4 37.Kg2 Qb3 38.Kf2 b4 39.h4 Kg8 40.Kg2 Kf7 41.Kf2 Ke8 42.Rd2 Qa2
43.Ke2 Qb1 44.Nd1 Qc1 45.g4 a3 46.bxa3 bxa3 47.Ne3 Qb1 48.h5 a2 49.Nc2 Ke7
50.Na3 Qb3 51.Nc2 Qb5+ 52.Kf2 Qc5+ 53.Kg2 Qc3 54.Re2+ Kd7 55.f4 Kc6 56.f5 Kc5
57.Rf2 Kc4 58.g5 hxg5 59.h6 gxh6 60.f6 a1=Q 61.Nxa1 Qxa1 62.f7 Qa8+ 63.Kg3 Qf8
64.Rf5 Kd4  0-1

[Event "TCh-Eur Seniors"]
[Site "Dresden GER"]
[Date "2010.02.17"]
[Round "8"]
[White "Rooze,J"]
[Black "Simon Padros,E"]
[Result "1-0"]
[WhiteElo "2271"]
[BlackElo "2229"]

1.e4 e6 2.d4 d5 3.Nd2 Nc6 4.Ngf3 Nf6 5.e5 Nd7 6.c3 f6 7.Bb5 fxe5 8.dxe5 Be7
9.Nd4 Nxd4 10.cxd4 O-O 11.Bd3 Rf7 12.Qh5 Nf8 13.Nf3 c5 14.dxc5 Bxc5 15.Ng5 Bb4+
16.Ke2 g6 17.Nxf7 Kxf7 18.Qh6 Qb6 19.h4 Bd7 20.Qf4+ Kg8 21.Be3 Qa5 22.Bd2 Bxd2
23.Qxd2 Qc7 24.f4 Bc6 25.Rhc1 Qe7 26.g3 Rd8 27.Rc2 Nd7 28.Qa5 Qe8 29.Rac1 g5
30.hxg5 Qh5+ 31.Kd2 Rf8 32.Qxa7 Qh2+ 33.Be2 Qxg3 34.Qe3 Qxf4 35.Qxf4 Rxf4
36.Rf1 Rxf1 37.Bxf1 Nxe5 38.Bh3 Nf3+ 39.Ke3 Nxg5 40.Rg2 d4+ 41.Kxd4 Bxg2
42.Bxg2 b6 43.a4 Kf7 44.b4 Ke7 45.a5 bxa5 46.bxa5 Kd6 47.a6 e5+ 48.Kc4 Ne6
49.a7 Nc7 50.Kb4 h5 51.Ka5 Kc5 52.Bh1 h4 53.Bg2 e4 54.Bxe4 h3 55.Bh1 h2 56.Bg2 Kd6
57.Kb6 Kd7 58.Kb7  1-0

[Event "TCh-Eur Seniors"]
[Site "Dresden GER"]
[Date "2010.02.18"]
[Round "9"]
[White "Wittmann,W"]
[Black "Simon Padros,E"]
[Result "1/2-1/2"]
[WhiteElo "2294"]
[BlackElo "2229"]

1.e4 e6 2.d4 d5 3.Nd2 Nc6 4.c3 e5 5.dxe5 dxe4 6.Qe2 Nxe5 7.Nxe4 Qe7 8.Bf4 f5
9.Nc5 Ng6 10.Qxe7+ Bxe7 11.Be3 Nf6 12.Nf3 O-O 13.Bc4+ Kh8 14.Nd3 Ne4  1/2-1/2

[Event "BSF 75th Ann."]
[Site "Bronshoj DEN"]
[Date "2010.02.19"]
[Round "8"]
[White "Carstensen,J"]
[Black "Bromann,T"]
[Result "0-1"]
[WhiteElo "2317"]
[BlackElo "2434"]

1.e4 e6 2.d4 d5 3.Nd2 Nc6 4.Ngf3 Nf6 5.e5 Nd7 6.c4 dxc4 7.Nxc4 Bb4+ 8.Bd2 Qe7
9.a3 Bxd2+ 10.Qxd2 O-O 11.Bd3 Rd8 12.Qe2 Nf8 13.Qe4 Bd7 14.Rd1 Rab8 15.Ne3 b5
16.d5 Na5 17.b4 Nb7 18.Nd4 exd5 19.Nxd5 Qg5 20.f4 Qh4+ 21.g3 Qh6 22.Nc6 Ne6
23.Nxb8 Rxb8 24.Be2 Be8 25.O-O Kh8 26.Ne7 a5 27.f5 Ng5 28.Qxb7 Rxb7 29.Rd8 Qb6+
30.Kg2 Rb8 31.Rfd1 c5  0-1

[Event "26th Open"]
[Site "Cappelle la Grande FRA"]
[Date "2010.02.19"]
[Round "8"]
[White "Balogh,C"]
[Black "Rivas Pastor,M"]
[Result "1/2-1/2"]
[WhiteElo "2619"]
[BlackElo "2531"]

1.e4 e6 2.d4 d5 3.Nd2 Be7 4.Ngf3 Nf6 5.e5 Nfd7 6.Bd3 c5 7.c3 cxd4 8.cxd4 b6
9.O-O Ba6 10.Ne1 Bxd3 11.Nxd3 Nc6 12.Qg4 Nf8 13.Nf4 h5 14.Nxh5 g6 15.Nf6+ Bxf6
16.exf6 Nd7 17.Nb3 Nxf6 18.Qe2 Ne4 19.g3 Rc8 20.Be3 f6 21.Nc1 Qd7 22.f3 Nd6
23.g4 Nb4  1/2-1/2

[Event "Open"]
[Site "Novy Bor CZE"]
[Date "2010.02.19"]
[Round "8"]
[White "Vrana,J"]
[Black "Jinova,L"]
[Result "1-0"]
[WhiteElo "2298"]
[BlackElo "2149"]

1.e4 e6 2.d4 d5 3.Nd2 Be7 4.Ngf3 Nf6 5.e5 Nfd7 6.c4 c5 7.cxd5 exd5 8.Bd3 Nc6
9.O-O cxd4 10.Re1 Nc5 11.Nb3 Bg4 12.Nxc5 Bxc5 13.a3 Qd7 14.Bf4 Rc8 15.h3 Bf5
16.e6 Bxe6 17.Ng5 g6 18.Qg4 h5 19.Nxe6 hxg4 20.Nxc5+ Qe7 21.Rxe7+ Kxe7 22.Re1+ Kf6
23.hxg4 g5 24.Nd7+ Kg7 25.Bxg5 Rhe8 26.Rxe8 Rxe8 27.Kf1 Na5 28.Bf6+ Kg8 29.Bxd4 Rc8
30.Nf6+ Kf8 31.Nxd5 Nb3 32.Be3 a6 33.Ke2 Nc1+ 34.Bxc1 Rxc1 35.f4 Rc5 36.Be4 b5
37.b4 Rc1 38.Ne3 Rc3 39.Nc2 Ke7 40.Kd2 Rc7 41.Kd3 Kd6 42.g5 Rc4 43.g3 a5
44.bxa5 Ra4 45.Ke3 Rxa5 46.Bd3 Kc5 47.f5 Ra4 48.g6 fxg6 49.fxg6 Ra7 50.Kf4 Rd7
51.Bf5  1-0

[Event "IFPX Categoria A"]
[Site "Sao Paulo BRA"]
[Date "2010.02.21"]
[Round "4"]
[White "Diamant,A"]
[Black "Assumpcao,R"]
[Result "1-0"]
[WhiteElo "2497"]
[BlackElo "2276"]

1.e4 e6 2.d4 d5 3.Nd2 Be7 4.Ngf3 Nf6 5.e5 Nfd7 6.Bd3 c5 7.c3 Nc6 8.O-O O-O
9.Re1 cxd4 10.cxd4 f5 11.exf6 Nxf6 12.b3 a5 13.Bb2 Qb6 14.a3 Bd7 15.Qe2 g6
16.Rac1 Bd6 17.Ne5 Bxe5 18.dxe5 Nh5 19.Qe3 Qxe3 20.Rxe3 Rac8 21.g3 Na7 22.Rxc8 Rxc8
23.Nf3 Ng7 24.g4 a4 25.Bb1 Ne8 26.bxa4 Bxa4 27.Nd4 Kf7 28.Rf3+ Ke7 29.Rh3 Ng7
30.Rxh7 Kf8 31.Bxg6 Kg8 32.Rh3 Bd1 33.Rg3 Nc6 34.Nb5 Nd8 35.Nc3 Bb3 36.h4 Nc6
37.Nb5 Ba2 38.Nd6 Rc7 39.h5 Ne7 40.Bd3  1-0

[Event "18th Fajr Open"]
[Site "Mashhad IRI"]
[Date "2010.02.25"]
[Round "9"]
[White "Taheri,Arman"]
[Black "Doostkam,P"]
[Result "0-1"]
[WhiteElo "1987"]
[BlackElo "2165"]

1.e4 e6 2.d4 d5 3.Nd2 Nc6 4.Ngf3 Nf6 5.e5 Nd7 6.c3 f6 7.exf6 Qxf6 8.Bd3 e5
9.dxe5 Ndxe5 10.Be2 Be6 11.Nxe5 Nxe5 12.Nf3 Bc5 13.Qa4+ c6 14.Qf4 Ng4 15.Qxf6 Nxf6
16.Nd4 Bd7 17.f3 O-O 18.Be3 Rfe8 19.Kd2 Re7 20.Rae1 Nh5 21.Nf5 Bxe3+ 22.Nxe3 Nf4
23.Bd1 Rd8 24.g3 Ne6 25.b4 Ng5 26.h4 Nf7 27.Nc2 Ne5 28.Be2 b6 29.f4 Nf7 30.Bf3 Kf8
31.Rxe7 Kxe7 32.Re1+ Kd6 33.Ne3 Be6 34.g4 c5 35.Nc2 g6 36.Rh1 Nh6 37.h5 Nxg4
38.hxg6 hxg6 39.Rg1 Nh2 40.Be2 Bf5 41.Ne3 Be4 42.Ke1 Rf8 43.Kf2 d4 44.cxd4 cxd4
45.Nc4+ Kd5 46.Nd2 d3 47.Bd1 Rxf4+ 48.Kg3 g5 49.Nxe4 Kxe4 50.Kxh2 Rf2+ 51.Rg2 Ke3
52.a4 Rxg2+ 53.Kxg2 Kd2 54.Bg4 Ke1 55.Kf3 d2 56.Ke4 d1=Q 57.Bxd1 Kxd1 58.a5 b5
59.Kd5 g4 60.Kc6 g3 61.Kb7 g2 62.Kxa7 g1=Q+ 63.Kb7 Qd4 64.a6 Qxb4 65.a7 Qe7+
66.Ka6 b4  0-1

[Event "Max Euwe Challenge"]
[Site "Amsterdam NED"]
[Date "2010.02.27"]
[Round "8"]
[White "Schut,L"]
[Black "Wemmers,X"]
[Result "0-1"]
[WhiteElo "2219"]
[BlackElo "2404"]

1.e4 e6 2.d4 d5 3.Nd2 Be7 4.Bd3 c5 5.dxc5 Nf6 6.Ngf3 dxe4 7.Bxe4 Na6 8.Qe2 Nxc5
9.O-O O-O 10.b3 Qc7 11.Bb2 Nfxe4 12.Nxe4 f6 13.Rad1 e5 14.Nc3 Be6 15.Nd5 Bxd5
16.Rxd5 Ne6 17.g3 Rad8 18.Rxd8 Rxd8 19.Rd1 Rxd1+ 20.Qxd1 Qc6 21.c4 Bc5 22.Nd2 Ng5
23.Qg4 g6 24.Bxe5 h5 25.Qh4 Qe6 26.Bd4  0-1